[Event "Viljandi Raud Memorial 57th"]
[Site "Viljandi"]
[Date "2023.07.05"]
[Round "5"]
[White "Lauk, Ular"]
[Black "Tomson, Mihkel"]
[Result "1-0"]
[WhiteElo "2369"]
[BlackElo "1596"]
[PlyCount "67"]
[EventDate "2023.07.02"]
[EventType "swiss"]
[EventRounds "9"]
[EventCountry "EST"]
[SourceTitle "CBM 215 Extra"]
[Source "ChessBase"]
[SourceDate "2023.09.30"]
[SourceVersion "1"]
[SourceVersionDate "2023.09.30"]
[SourceQuality "1"]

1. e4 e5 2. Nf3 Nf6 3. Nxe5 d6 4. Nf3 Nxe4 5. d4 d5 6. Bd3 Bd6 7. 0-0 0-0 8. c4 c6 9. cxd5 cxd5 10. Nc3 Nxc3 11. bxc3 Bg4 12. Rb1 b6 13. Rb5 h6 14. Rxd5 Qc7 15. h3 Be6 16. Rh5 Nd7 17. Ng5 Nf6 18. Nxe6 fxe6 19. Rh4 Qxc3 20. Qe2 Rae8 21. Bd2 Qc7 22. Bc4 Kh8 23. Bxe6 Qe7 24. Re1 Bb4 25. Bxb4 Qxb4 26. Qe5 Qd2 27. f4 Qc3 28. Kh2 Kh7 29. d5 Nxd5 30. Rxh6+ gxh6 31. Bf5+ Kg8 32. Qxd5+ Kg7 33. Qd7+ Rf7 34. Qxe8 1-0